| 000 | 00647cam a22002293a 4500 | ||
|---|---|---|---|
| 001 | 3967 | ||
| 003 | PGUSA | ||
| 005 | 20140828083040.0 | ||
| 008 | 041030s2004||||xxu|||||s|||||000 1 eng d | ||
| 040 |
_aPGUSA _beng |
||
| 042 | _adc | ||
| 050 | 4 | _aPQ | |
| 100 | 1 |
_aBourget, Paul, _d1852-1935 |
|
| 245 | 1 | 0 |
_aCosmopolis — Complete _h[electronic resource] / _cPaul Bourget |
| 260 |
_bProject Gutenberg, _c2004 |
||
| 506 | _aPublic domain in the USA. | ||
| 516 | _aElectronic text | ||
| 653 | _aFrench fiction -- Translations into English | ||
| 830 | 0 |
_aProject Gutenberg _v3967 |
|
| 856 | 4 | 0 | _uhttp://www.gutenberg.org/ebooks/3967 |
| 942 | _cEB | ||
| 999 |
_c233296 _d233296 |
||